00514nam a22001817a 4500008004100000010001400041020001100055035001300066037001500079040001800094082001000112100001700122245003500139260005000174270005900224300002400283500002500307090203t xxu||||| |||| 00| 0 eng d aENG-92784 c150.00 aEN-76317 bDBAD / PUB adplbEnglish  a512.2 aMalathi, C.  aGroup theory /cby C. Malathi  aThiruthuraipoondi bMurugan Publishers c2007 a6/B, Munusif Court Street, bThiruthuraipoondie614713 a104p. c30cm (pbk)  aIncludes references